| 000 | 00510nam a2200181Ia 4500 | ||
|---|---|---|---|
| 003 | OSt | ||
| 005 | 20240327143928.0 | ||
| 008 | 210210b1955 xxu||||| |||| 00| 0 eng d | ||
| 040 | _cAL | ||
| 041 | _akan | ||
| 082 | _a856/18 | ||
| 100 |
_aKRISHNARAV (M V) ಕೃಷ್ಣರಾಜ ಎಂ ವಿ _9147013 |
||
| 245 |
_aPraja sarkara: _bಪ್ರಜಾ ಸರಕಾರ |
||
| 260 |
_aMaisuru _bMaisuru Vishvavidyalaya _c1955 |
||
| 690 |
_aKannada Miscellaneous _9147016 |
||
| 906 | _a020268 | ||
| 942 |
_2ddc _cBK |
||
| 999 |
_c144420 _d144420 |
||